|
|
|
|
| LEADER |
00767cam a2200241 7i4500 |
| 001 |
0000037846 |
| 005 |
20170218090000.0 |
| 008 |
110407 |
| 020 |
|
|
|a 9781405310765 (hbk.)
|
| 020 |
|
|
|a 1405310766 (hbk.)
|
| 040 |
|
|
|a UiTM
|
| 090 |
0 |
0 |
|a TR145
|b .A86 2005
|
| 100 |
1 |
|
|a Ang, Tom
|
| 245 |
1 |
0 |
|a Photography
|c Tom Ang.
|
| 260 |
|
|
|a London:
|b Dorling Kindersley,
|c 2005.
|
| 300 |
|
|
|a 366 p.:
|b col. ill.;
|c 22 cm.
|
| 490 |
0 |
|
|a Eyewitness companions
|
| 500 |
|
|
|a Includes index
|
| 650 |
0 |
0 |
|a Photographs
|
| 650 |
0 |
0 |
|a Photography, Artistic
|
| 997 |
|
|
|a Communication, Visual Art & Computing, Faculty
|b Visual Art, Department
|
| 998 |
|
|
|a Photographic Technology, Diploma
|
| 999 |
|
|
|a 0000044406
|b BOK
|c OPEN SHELF
|e 2nd Floor, Bestari Jaya
|